00740cam a2200217 a 450000100100000000500170001000800410002704000230006808200200009110000360011124500510014726000460019830000200024449000120026465000260027665000280030283000200033091000340035095201230038499900150050700000514220200929151606.0850214s1980 cu 001 0 spa  aDO-SdBNPcDLCdDLC aCu861.44bS237e1 aSantos, Romualdo,d1944-91471710aEstar en lo que no se deja /cRomualdo Santos. aLa Habana, Cuba :bLetras Cubanas,c1980. a49 p. ;c18 cm.1 aEspiral 4aPoesìa cubana95226 4aLiteratura cubana91483 0aEspiral.914718 aCatalogación por copia / LC 001052708MOaGRbGRcCTd2009-07-29iLF1l0oCu861.44 S237ep5142-10r2020-06-25w2020-06-25y2ZPréstamo interno c4945d4945